|
|
|
|
| LEADER |
00000nam0a2200000 4500 |
| 001 |
35068 |
| 005 |
20231030232532.0 |
| 010 |
|
|
|a 5338005018
|
| 035 |
|
|
|a (RuTPU)RU\TPU\book\35487
|
| 035 |
|
|
|a BOOK00002139
|
| 090 |
|
|
|a 35068
|
| 100 |
|
|
|a 20011210d1991 k y0rusy50 ca
|
| 101 |
0 |
|
|a rus
|
| 102 |
|
|
|a BY
|
| 105 |
|
|
|a a g 000zy
|
| 200 |
1 |
|
|a Цифровые интегральные микросхемы
|e Справочник
|f М. И. Богданович, И. Н. Грель, В. А. Прохоренко, В. В. Шалимо
|
| 210 |
|
|
|a Минск
|c Беларусь
|d 1991
|
| 215 |
|
|
|a 492 с.
|c ил.
|
| 610 |
1 |
|
|a микропроцессорные системы
|
| 610 |
1 |
|
|a схемы интегральные цифровые
|
| 610 |
1 |
|
|a параметры
|
| 610 |
1 |
|
|a конструкции
|
| 610 |
1 |
|
|a обозначения условные
|
| 610 |
1 |
|
|a серии
|
| 610 |
1 |
|
|a справочники
|
| 675 |
|
|
|a 621.382.049.77(035)
|v 3
|
| 701 |
|
1 |
|a Богданович
|b М. И.
|g Михаил Иосифович
|
| 701 |
|
1 |
|a Грель
|b И. Н.
|g Иван Николаевич
|
| 701 |
|
1 |
|a Прохоренко
|b В. А.
|g Владимир Александрович
|
| 701 |
|
1 |
|a Шалимо
|b В. В.
|g Виктор Владимирович
|
| 801 |
|
0 |
|a RU
|b 63413507
|c 20011210
|g PSBO
|
| 801 |
|
2 |
|a RU
|b 63413507
|c 20150522
|g PSBO
|
| 900 |
|
|
|a Микропроцессорные системы
|
| 942 |
|
|
|c BK
|